000 00642nam a2200229 i 4500
001 bg
100 1 _aNALASKOWSKI, Stanisław
245 1 0 _aMetody nauczania /
_cStanisław Nalaskowski.
260 _aToruń :
_bAdam Marszałek,
_c2000.
300 _a164 s. ;
_c24 cm.
504 _aBibliogr.
650 9 _aNauczanie
_xmetody
655 _aPodręczniki
020 _a8371746776
040 _cBPK
041 0 _apol
080 _a371.3.02(07)
920 _a83-7174-677-6
942 _cKS
008 s pl f |000 0 pol
999 _c52048
_d52048
856 _uhttp://koha.tu.koszalin.pl/cgi-bin/koha/opac-detail.pl?biblionumber=52048
_yKatalog online BPK